<?xml version="1.0" encoding="UTF-8"?><?xml-stylesheet type="text/xsl" href="static/style.xsl"?><OAI-PMH xmlns="http://www.openarchives.org/OAI/2.0/" xmlns:xsi="http://www.w3.org/2001/XMLSchema-instance" xsi:schemaLocation="http://www.openarchives.org/OAI/2.0/ http://www.openarchives.org/OAI/2.0/OAI-PMH.xsd"><responseDate>2026-06-01T09:55:32Z</responseDate><request verb="GetRecord" identifier="oai:riuma.uma.es:10630/26805" metadataPrefix="marc">https://riuma.uma.es/rest/oai/request</request><GetRecord><record><header><identifier>oai:riuma.uma.es:10630/26805</identifier><datestamp>2026-02-03T11:04:43Z</datestamp><setSpec>com_10630_2254</setSpec><setSpec>col_10630_37953</setSpec></header><metadata><record xmlns="http://www.loc.gov/MARC21/slim" xmlns:dcterms="http://purl.org/dc/terms/" xmlns:doc="http://www.lyncode.com/xoai" xmlns:xsi="http://www.w3.org/2001/XMLSchema-instance" xsi:schemaLocation="http://www.loc.gov/MARC21/slim http://www.loc.gov/standards/marcxml/schema/MARC21slim.xsd">
   <leader>00925njm 22002777a 4500</leader>
   <datafield ind2=" " ind1=" " tag="042">
      <subfield code="a">dc</subfield>
   </datafield>
   <datafield ind2=" " ind1=" " tag="720">
      <subfield code="a">González-Conde, Mercedes</subfield>
      <subfield code="e">author</subfield>
   </datafield>
   <datafield ind2=" " ind1=" " tag="720">
      <subfield code="a">Vega Sánchez, Julia</subfield>
      <subfield code="e">author</subfield>
   </datafield>
   <datafield ind2=" " ind1=" " tag="720">
      <subfield code="a">López-Figueroa, Félix</subfield>
      <subfield code="e">author</subfield>
   </datafield>
   <datafield ind2=" " ind1=" " tag="720">
      <subfield code="a">García-Castro, Miguel</subfield>
      <subfield code="e">author</subfield>
   </datafield>
   <datafield ind2=" " ind1=" " tag="720">
      <subfield code="a">Moscoso, Ana</subfield>
      <subfield code="e">author</subfield>
   </datafield>
   <datafield ind2=" " ind1=" " tag="720">
      <subfield code="a">Sarabia-García, Francisco Ramón</subfield>
      <subfield code="e">author</subfield>
   </datafield>
   <datafield ind2=" " ind1=" " tag="720">
      <subfield code="a">López-Romero, Juan Manuel</subfield>
      <subfield code="e">author</subfield>
   </datafield>
   <datafield ind2=" " ind1=" " tag="260">
      <subfield code="c">2023-03-10</subfield>
   </datafield>
   <datafield ind2=" " ind1=" " tag="520">
      <subfield code="a">We report the green synthesis of silver nanoparticles (AgNPs) by using daisy petals (Bellis perennis), leek (Allium porrum) and garlic skin (Allium sativum) as reducing agents and water as solvent. AgNPs are obtained with high monodispersity, spherical shapes and size ranging from 5 to 35 nm and characterized by UV-Vis and TEM techniques. The obtained yields in AgNPs are in concordance with the total phenolic content of each plant. We also study the incorporation of AgNPs in combination with the red algae Pyropia columbina extracts (PCE) into cosmetic formulations and analyze their combined effect as photoprotective agents. Moreover, we carry out the inclusion of the PCE containing mycosporine-like amino acids (MAAs), which are strong UV-absorbing and antioxidant compounds, into β-cyclodextrin (βCD) and pNIPAM nanoparticles and analyze stability and release. The thermoresponsive polymer is grown by free radical polymerization using N-isopropylacrylamide (NIPAM) as the monomer, N,N′-methylenebisacrylamide (BIS) as the cross-linker, and 2,2′-azobis(2-methylpropionamidene) (V50) as the initiator, while βCD complex is prepared by heating in water. We evaluate the nanoparticle and βCD complex formation by UV-Vis and FT-IR, and NMR spectroscopies, respectively, and the nanoparticles’ morphology, including particle size, by TEM. The cosmetic formulations are subsequently subjected to accelerated stability tests and photoprotective analyses: a synergistic effect in the combination of AgNPs and PCE in photoprotection was found. It is not related to a UV screen effect but to the antioxidant activity, having potential against photoaging.</subfield>
   </datafield>
   <datafield ind1="8" ind2=" " tag="024">
      <subfield code="a">González-Conde M, Vega J, López-Figueroa F, García-Castro M, Moscoso A, Sarabia F, López-Romero JM. Green Synthesis of Silver Nanoparticles and Its Combination with Pyropia columbina (Rhodophyta) Extracts for a Cosmeceutical Application. Nanomaterials. 2023; 13(6):1010. https://doi.org/10.3390/nano13061010</subfield>
   </datafield>
   <datafield ind1="8" ind2=" " tag="024">
      <subfield code="a">https://hdl.handle.net/10630/26805</subfield>
   </datafield>
   <datafield ind1="8" ind2=" " tag="024">
      <subfield code="a">10.3390/nano13061010</subfield>
   </datafield>
   <datafield tag="653" ind2=" " ind1=" ">
      <subfield code="a">Ajo</subfield>
   </datafield>
   <datafield tag="653" ind2=" " ind1=" ">
      <subfield code="a">Nanoparticulas -- Plata</subfield>
   </datafield>
   <datafield tag="653" ind2=" " ind1=" ">
      <subfield code="a">Rodofíceas</subfield>
   </datafield>
   <datafield tag="653" ind2=" " ind1=" ">
      <subfield code="a">Cosmética-Industria</subfield>
   </datafield>
   <datafield ind2="0" ind1="0" tag="245">
      <subfield code="a">Green synthesis of silver nanoparticles and its combination with Pyropia columbina (Rhodophyta) extracts for a cosmeceutical application</subfield>
   </datafield>
</record>
</metadata></record></GetRecord></OAI-PMH>